Statistiques concernant Culture Générale - Série 170

Cliquez ici pour prendre le quiz!

Statistiques générales

  • Ce quiz a été pris 222 fois
  • Le résultat moyen est 5 sur 10

Statistiques - réponses

QuestionRéponse% Correct
Quelle est la couleur du maillot de la sélection brésilienne de football ?Jaune
96%
Quelle est la couleur du fond du drapeau danois ?Rouge
91%
Que représente le symbole figurant sur le panneau annonçant un hôtel ?Un lit
73%
Quel est le prénom de "Rambo", incarné au cinéma par Sylvester Stallone ?John
65%
Dans la mythologie grecque, qui est à la fois soeur et épouse de Zeus ?Héra
63%
Outre un pot de beurre, que contient le panier du Petit Chaperon rouge ?Une galette
49%
Quelle série télévisée a pour héros un chef de la mafia prénommé Tony ?Les Soprano
38%
Quel comédien incarne Danny Wilde dans la série "Amicalement vôtre" ?Tony Curtis
31%
A quel groupe féminin doit-on "Maldon" devenu un tube en 1990 ?Zouk Machine
24%
Quel tube le Festival Roblès parodie-t-il avec "Ma caravane" ?La macarena
15%

Distribution des résultats

Percentile par nombre de réponses

% des personnes avec chaque résultat

Votre développement - résultats

Vous n’avez pas pris ce quiz